000 00895nam a2200205Ii 4500
003 JO-AjNU
008 230605s9999||||xx |||||||||||||| ||und||
017 _a2006/5/1231
040 _aJO-AjNU
_bara
_erda
_cJO-AjNU
041 _aara
050 1 4 _aBP166.72.Q22 2006
100 3 _aاعداد جمعية العلوم الطبية الإسلامية نقابة الأطباء الأردنية,
_eauthor
_947116
245 0 0 _aقضايا طبية معاصرة في ضوء الشريعة الإسلامية : معالم في أخلاقيات المهنة الطبية ، اختلالات أنماط الحياة، مج3
264 3 1 _aعمان: جمعية العلوم الطبية الاسلامية، 2006
300 _aمج3، 331ص
336 _atext
_btxt
_2rdacontent
337 _aunmediated
_bn
_2rdamedia
338 _avolume
_bnc
_2rdacarrier
650 4 _aالاسلام- الطب
_947117
999 _aA20545
_c24113
_d24113